Aprender a quererte. Morat - Estadísticas

Estadísticas generales
  • Esta prueba ha sido intentada 87 veces
  • La puntuación promedio es 218 de 259
Estadísticas de respuestas
Amswer % Correcto
a
98%
te
98%
Te
98%
tu
98%
98%
Voy
98%
aprender
95%
Para
95%
quererte
95%
95%
se
95%
Cuando
93%
de
93%
De
93%
me
93%
muy
93%
que
93%
si
93%
Si
93%
sueños
93%
tus
93%
cumplen
90%
la
90%
lentamente
90%
lo
90%
Lo
90%
mi
90%
No
90%
no
90%
vi
90%
Y
90%
cómo
88%
con
88%
en
88%
siempre
88%
estudiar
85%
leerte
85%
más
85%
sin
85%
un
85%
Una
85%
una
85%
nada
83%
Ni
83%
por
83%
Por
83%
Quiero
83%
quiero
83%
vida
83%
algo
80%
dentro
80%
entenderte
80%
filosofía
80%
historia
80%
Hoy
80%
locura
80%
mezcla
80%
mirada
80%
ortografía
80%
pensar
80%
raro
80%
sentí
80%
solo
80%
Solo
80%
ti
80%
esos
78%
fortuna
78%
grande
78%
Habré
78%
miedo
78%
perdido
78%
pierdo
78%
vez
78%
dejas
76%
escribo
76%
los
76%
presentimiento
76%
buen
73%
juro
73%
llegan
73%
tenerte
73%
tuve
73%
aunque
71%
momento
71%
restas
71%
sumas
71%
canción
68%
días
68%
habrá
68%
lado
68%
respuestas
68%
sea
68%
tal
68%
escribirte
66%
he
66%
preguntas
66%
todos
66%
Darte
63%
estar
63%
honesta
63%
toda
63%
Aquí
61%
descansaré
61%
enseñarte
61%
esperado
61%
extrañarme
61%
junto
61%
voz
61%
Antes
59%
demuestre
59%
Ruego
24%
No se encontraron pruebas coincidentes
Distribución de puntuación
Porcentaje de gente con cada puntuación
Porcentaje por número respondido
Historial de tus puntuaciones
No has intentado esta prueba.